<?xml version="1.0" encoding="UTF-8"?>
<record
    xmlns:xsi="http://www.w3.org/2001/XMLSchema-instance"
    xsi:schemaLocation="http://www.loc.gov/MARC21/slim http://www.loc.gov/standards/marcxml/schema/MARC21slim.xsd"
    xmlns="http://www.loc.gov/MARC21/slim">

  <leader>01601pab a2200169 454500</leader>
  <controlfield tag="008">180718b2003   xxu||||| |||| 00| 0 eng d</controlfield>
  <datafield tag="100" ind1=" " ind2=" ">
    <subfield code="a">Arceneaux, Kevin</subfield>
  </datafield>
  <datafield tag="245" ind1=" " ind2=" ">
    <subfield code="a">The conditional impact of blame attribution on the relationship between economic adversity and turnout</subfield>
  </datafield>
  <datafield tag="260" ind1=" " ind2=" ">
    <subfield code="c">2003</subfield>
  </datafield>
  <datafield tag="300" ind1=" " ind2=" ">
    <subfield code="a">p.67-75.</subfield>
  </datafield>
  <datafield tag="362" ind1=" " ind2=" ">
    <subfield code="a">Mar</subfield>
  </datafield>
  <datafield tag="520" ind1=" " ind2=" ">
    <subfield code="a">Previous research has found that those facing economic adversity are less likely to vote. This has serious implications for the nature of democratic accountability, since those who are less likely to vote in an economic downturn may also be the ones most likely to punish the incumbent party. In fact, some have used aggregated electoral data to justify such a claim (Racliff 1994). However, such conclusions are premature. Once the intervening effects of blame attribution are taken into consideration, there are conditions under which economic adversity actually enhances turnout. Data from the American National Election Studies 91990-98) demonstrate that those facing economic adversity are more likely to vote when they blame the government for economic outcomes. These are the same people who have been shown in numerous economic voting studies to be much less supportive of the in-party. These findings suggest that economic adversity does not necessarily constrain democratic accountability and highlight the perils associated with making inferences about individual-level behavior with aggregate data. - Reproduced.</subfield>
  </datafield>
  <datafield tag="650" ind1=" " ind2=" ">
    <subfield code="a">Elections - United States</subfield>
  </datafield>
  <datafield tag="650" ind1=" " ind2=" ">
    <subfield code="a">Elections</subfield>
  </datafield>
  <datafield tag="773" ind1=" " ind2=" ">
    <subfield code="a">Political Research Quarterly</subfield>
  </datafield>
  <datafield tag="909" ind1=" " ind2=" ">
    <subfield code="a">56523</subfield>
  </datafield>
  <datafield tag="999" ind1=" " ind2=" ">
    <subfield code="c">56523</subfield>
    <subfield code="d">56523</subfield>
  </datafield>
  <datafield tag="952" ind1=" " ind2=" ">
    <subfield code="0">0</subfield>
    <subfield code="1">0</subfield>
    <subfield code="4">0</subfield>
    <subfield code="7">0</subfield>
    <subfield code="a">IIPA</subfield>
    <subfield code="b">IIPA</subfield>
    <subfield code="d">2018-07-19</subfield>
    <subfield code="h">Volume no: 56, Issue no: 1</subfield>
    <subfield code="p">AR56968</subfield>
    <subfield code="r">2018-07-19</subfield>
    <subfield code="w">2018-07-19</subfield>
    <subfield code="y">AR</subfield>
  </datafield>
</record>
